Statistics for Biggest Islands of the Netherlands

Click here to take the quiz!

General Stats

  • This quiz has been taken 108 times
  • The average score is 10 of 32

Answer Stats

Surface (km2)Answer% Correct
180Aruba
88%
444Curacao
88%
87 (34)Sint Maarten
79%
288Bonaire
76%
162Texel
56%
40.5Schiermonnikoog
50%
39Vlieland
50%
13Saba
48%
85Terschelling
48%
59Ameland
47%
21Sint Eustatius
40%
8Rottumerplaat
24%
230Schouwen-Duiveland
24%
260Goeree-Overflakkee
22%
2.5Rottumeroog
22%
86Noord-Beveland
20%
920Flevopolder
19%
215Walcheren
18%
125Tholen
17%
344Zuid-Beveland
16%
79.5Eiland van Dordrecht
13%
4Noorderhaaks
12%
1Griend
10%
6Klein Bonaire
10%
1.7Klein Curacao
10%
313Hoeksche Waard
9%
105IJsselmonde
9%
10.5Tiengemeten
9%
220Voorne-Putten
9%
3Neeltje Jans
7%
23Sint Philipsland
5%
6.5Rozenburg
4%

Score Distribution

Percentile by Number Answered

Percent of People with Each Score

Your Score History

You have not taken this quiz